000 00330nam a2200133Ia 4500
005 20251222143203.0
008 251222s9999||||xx |||||||||||||| ||spa||
020 _a0-393-05124-2
082 _a337/S81
100 _aStiglitz, Joseph E.
245 0 _aGlobalization and its Discontents
264 _bNorton & Company
942 _cLIB
999 _c13162
_d13162